[Event "Let's Play Chess!"]
[Site "http://www.queenalice.com/game.php?id=850114"]
[Date "2010.10.25"]
[Round "-"]
[White "Cronos"]
[Black "charles31"]
[Result "1-0"]
[WhiteElo "1895"]
[BlackElo "1735"]

1. e4 e5 2. c4 Bc5 3. d3 d6 4. Nf3 h6 5. Be2 Bg4 6. h3 Bh5 7. O-O g5 8. Nc3 c6
9. a3 Qd7 10. b4 Bd4 11. Nxd4 exd4 12. Bxh5 Na6 13. Ne2 Nf6 14. Nxd4 O-O-O 15.
f4 gxf4 16. Rxf4 Nxh5 17. Qxh5 Rh7 18. Rf6 Rg8 19. g4 Rg5 20. Bxg5 c5 21. Nf5
Nc7 22. Nxd6+ Kb8 23. bxc5 Ne6 24. Bf4 Ka8 25. Rxf7 Rxf7 26. Qxf7 Qxf7 27. Nxf7
Nxf4 28. Rf1 Nxd3 29. Ne5 Nxe5 30. Rf8# 1-0

[Event "Let's Play Chess!"]
[Site "http://www.queenalice.com/game.php?id=850115"]
[Date "2010.10.25"]
[Round "-"]
[White "charles31"]
[Black "Cronos"]
[Result "1/2-1/2"]
[WhiteElo "1673"]
[BlackElo "1915"]

1. d4 g6 2. e4 Bg7 3. Nf3 b6 4. Be3 Bb7 5. Bd3 d5 6. e5 e6 7. Na3 a6 8. Bg5 f6
9. exf6 Bxf6 10. Qd2 h6 11. Bxf6 Qxf6 12. Qc3 c6 13. O-O-O Nd7 14. Rde1 Ne7 15.
Re2 c5 16. dxc5 Qxc3 17. bxc3 Nxc5 18. c4 Nf5 19. cxd5 Nxd3+ 20. cxd3 Rc8+ 21.
Kd2 Bxd5 22. Nc4 Bxc4 23. dxc4 Ke7 24. Rc1 Rhd8+ 25. Ke1 Nd4 26. Nxd4 Rxd4 27.
Rec2 Rc5 28. f3 a5 29. a4 e5 30. Kf2 Ke6 31. h3 Kf5 32. g3 h5 33. Ke3 h4 34. g4+
Kg5 35. Rc3 Kf6 36. R1c2 g5 37. Rc1 Ke6 38. R1c2 Kd6 39. Rd3 Rxd3+ 40. Kxd3 Ke6
41. Rc3 Kd6 42. Ke4 b5 43. axb5 a4 44. Kd3 Rc8 45. Ra3 Ra8 46. Kc3 Kc5 47. b6
Kxb6 48. Kb4 Kc6 49. Rxa4 Rb8+ 50. Kc3 Rf8 51. Ra6+ Kc5 52. Ra5+ Kd6 53. Ra6+
Kc5 54. Ra5+ Kd6 55. Ra6+ Kc5 56. Ra5+ Kd6 1/2-1/2

[Event "Gold"]
[Site "http://www.queenalice.com/game.php?id=855024"]
[Date "2010.11.5"]
[Round "-"]
[White "jeancarlo1910"]
[Black "Cronos"]
[Result "0-1"]
[WhiteElo "1743"]
[BlackElo "1905"]

1. d4 g6 2. e4 Bg7 3. Nf3 b6 4. Nc3 Bb7 5. Bc4 e6 6. e5 d5 7. Bb3 Ne7 8. Bg5 O-O
9. Ne2 h6 10. Bh4 g5 11. Bg3 f5 12. h3 f4 13. Bh2 Nd7 14. c3 c5 15. a3 c4 16.
Ba2 b5 17. Bb1 a5 18. Bc2 a4 19. Qb1 Nf5 20. Bxf5 Rxf5 21. Nd2 Nf8 22. f3 Ng6
23. O-O Qe7 24. g4 fxg3 25. Nxg3 Raf8 26. Nxf5 exf5 27. Qe1 f4 28. Qe2 Nh4 29.
Rf2 Bc8 30. Re1 Bxh3 31. e6 Rf6 32. Nf1 Rxe6 33. Qxe6+ Bxe6 0-1

[Event "Silver"]
[Site "http://www.queenalice.com/game.php?id=855025"]
[Date "2010.11.5"]
[Round "-"]
[White "LAIRE"]
[Black "Cronos"]
[Result "0-1"]
[WhiteElo "2028"]
[BlackElo "1915"]

1. d4 b6 2. e4 Bb7 3. Bd3 g6 4. c3 Bg7 5. Qe2 e6 6. Nf3 Ne7 7. Na3 O-O 8. O-O f5
9. Bg5 h6 10. Bxe7 Qxe7 11. exf5 gxf5 12. Rfe1 Nc6 13. d5 Nd8 14. dxe6 Qxe6 15.
Bc4 d5 16. Qxe6+ Nxe6 17. Rxe6 dxc4 18. Nxc4 Bd5 0-1

[Event "Challenge"]
[Site "http://www.queenalice.com/game.php?id=859730"]
[Date "2010.11.16"]
[Round "-"]
[White "Cronos"]
[Black "ensito"]
[Result "1-0"]
[WhiteElo "1949"]
[BlackElo "1808"]

1. e4 e5 2. Nf3 d6 3. Nc3 Be6 4. g3 Bg4 5. Bg2 Nc6 6. h3 Bxf3 7. Bxf3 g6 8. Nd5
Nf6 9. c4 Nxd5 10. cxd5 Nd4 11. d3 Qf6 12. Bg2 Qd8 13. b4 Be7 14. a4 Qd7 15. Bb2
c6 16. Bxd4 exd4 17. Qc2 c5 18. b5 Bd8 19. f4 Ba5+ 20. Kf2 O-O 21. h4 Bc3 22.
Rab1 b6 23. Qe2 a6 24. Bh3 Qc7 25. Qg4 axb5 26. axb5 Ra2+ 27. Kf3 c4 28. Rbd1
Rfa8 29. h5 cxd3 30. Rxd3 Qc4 31. Rhd1 Ra1 32. hxg6 hxg6 33. f5 Rf8 34. f6 Rxd1
35. Rxd1 Bb2 36. Bf1 Qb3+ 37. Rd3 Qc2 38. Qh4 Qc1 39. Kg2 Ra8 40. g4 Ra1 41. Rf3
d3 42. g5 d2 43. Qh6 Qxf1+ 44. Rxf1 Bxf6 45. gxf6 1-0

[Event "Let's Play Chess!"]
[Site "http://www.queenalice.com/game.php?id=859774"]
[Date "2010.11.17"]
[Round "-"]
[White "colatina"]
[Black "Cronos"]
[Result "0-1"]
[WhiteElo "1920"]
[BlackElo "1941"]

1. Nf3 Nc6 2. e4 b6 3. Bc4 h6 4. Qe2 Bb7 5. d3 e5 6. c3 g6 7. Be3 Nf6 8. Nbd2
Bg7 9. d4 d6 10. d5 Ne7 11. Bb5+ c6 12. dxc6 Nxc6 13. Qc4 Qd7 14. Qe2 O-O 15.
Rd1 a6 16. Bxc6 Qxc6 17. O-O a5 18. c4 Ba6 19. Rc1 b5 20. Nb3 a4 21. Na5 Qd7 22.
Bd2 Rfc8 23. b3 axb3 24. axb3 bxc4 25. Nxc4 Bb5 26. Rfe1 Bxc4 27. bxc4 Qe6 28.
h3 g5 29. Nh2 Ra4 30. Ng4 Nxg4 31. Qxg4 Qxg4 32. hxg4 Rcxc4 33. Rxc4 Rxc4 34. f3
f6 35. Rd1 Bf8 36. Ba5 Be7 37. Rb1 Rd4 38. Rb8+ Kg7 39. Bd8 Bxd8 40. Rxd8 Rd2
41. Rd7+ Kg6 42. Ra7 h5 43. Kh2 hxg4 44. fxg4 Rd4 45. Ra6 Kf7 46. Kg3 Ke6 47.
Kf3 Rd1 48. Ra2 Rf1+ 49. Kg3 Rf4 50. Ra4 Kf7 51. Ra6 Rxe4 52. Rxd6 Rf4 53. Rd3
Ke6 54. Re3 e4 55. Re2 Ke5 56. Re3 Kd4 57. Ra3 Ke5 58. Ra5+ Ke6 59. Ra6+ Kf7 60.
Ra7+ Kg6 61. Ra1 f5 62. Ra6+ Kf7 63. gxf5 Rxf5 64. Kg4 Rf6 65. Ra4 e3 66. Ra1
Kg6 67. Re1 Re6 68. Re2 Re5 69. g3 Kf6 70. Kf3 Kf5 71. g4+ Kf6 72. Rxe3 Rxe3+
73. Kxe3 Ke5 74. Kf3 Kd4 75. Kf2 Ke4 76. Kg3 Ke3 77. Kg2 Kf4 78. Kf2 Kxg4 79.
Kg2 Kh4 80. Kg1 Kh3 81. Kh1 Kg3 82. Kg1 g4 83. Kh1 Kf2 0-1

[Event "Let's Play Chess!"]
[Site "http://www.queenalice.com/game.php?id=859775"]
[Date "2010.11.17"]
[Round "-"]
[White "colatina"]
[Black "Cronos"]
[Result "0-1"]
[WhiteElo "1894"]
[BlackElo "1935"]

1. e4 b6 2. c4 Bb7 3. Nc3 e5 4. Nf3 d6 5. d3 g6 6. Be3 Bg7 7. Qd2 Ne7 8. Nd5
Nxd5 9. cxd5 c6 10. d4 cxd5 11. exd5 Bxd5 12. dxe5 Bxf3 13. gxf3 dxe5 14. Qxd8+
Kxd8 15. O-O-O+ Ke7 16. Bc4 Rc8 17. b3 b5 18. h4 bxc4 19. b4 Nd7 20. h5 Rab8 21.
hxg6 hxg6 22. a3 a5 23. bxa5 Ra8 24. Bd2 c3 25. Be1 Rxa5 26. Rh7 Bf6 27. Rd3
Rxa3 28. Rxf7+ Kxf7 29. Rxd7+ Ke6 30. Rb7 Ra2 31. Rb3 c2 32. Rc3 Rxc3 33. Bxc3
e4 34. Bb4 exf3 35. Bd2 Bd4 36. Bg5 Bxf2 37. Bd2 Bd4 0-1

[Event "Let's Play Chess!"]
[Site "http://www.queenalice.com/game.php?id=859776"]
[Date "2010.11.17"]
[Round "-"]
[White "colatina"]
[Black "Cronos"]
[Result "1-0"]
[WhiteElo "1904"]
[BlackElo "1959"]

1. d4 g6 2. e4 Bg7 3. c4 b6 4. Nc3 Bb7 5. Nf3 d6 6. Bd3 Nd7 7. Bf4 e5 8. dxe5
dxe5 9. Bg5 f6 10. Bh4 g5 11. Bg3 h5 12. h4 g4 13. Nd2 a5 14. O-O Nh6 15. f3 Nc5
16. Be2 Bc6 17. Nb3 Qe7 18. Nd5 Qd6 19. Nxc5 Qxc5+ 20. Bf2 Qd6 21. Rc1 O-O 22.
c5 Qd8 23. cxb6 Bxd5 24. bxc7 Qd7 25. exd5 Rfc8 26. d6 Bf8 27. Qd5+ Kg7 28. Rfd1
Nf7 29. Bb5 Qxd6 30. Qxf7+ Kxf7 31. Rxd6 Bxd6 32. Bc6 Rxc7 33. Bd5+ Ke7 34.
Rxc7+ Bxc7 35. Bxa8 f5 36. Bc5+ Ke6 37. fxg4 fxg4 38. g3 Kf5 39. Bf2 e4 40. Kg2
a4 41. b3 axb3 42. axb3 Bd6 43. Bd5 Ke5 44. Bc4 Bb4 45. Kf1 Bd2 46. Ke2 Bb4 47.
Be1 Bc5 48. Bf7 e3 49. Bxh5 Kf5 50. Be8 Kf6 51. Bd7 Kg6 52. Bxg4 Kh6 53. b4 Bb6
54. Kf3 Kg6 55. Ke4 Kh6 56. Bc3 1-0

[Event "Let's Play Chess!"]
[Site "http://www.queenalice.com/game.php?id=859777"]
[Date "2010.11.17"]
[Round "-"]
[White "colatina"]
[Black "Cronos"]
[Result "1-0"]
[WhiteElo "1875"]
[BlackElo "1954"]

1. d4 g6 2. Bf4 Bg7 3. Nf3 b6 4. Nc3 Bb7 5. e4 e6 6. Qd2 Ne7 7. e5 d6 8. Bh6 O-O
9. Bxg7 Kxg7 10. O-O-O dxe5 11. dxe5 Qxd2+ 12. Rxd2 Nbc6 13. Nb5 Rfc8 14. Rd7
Nd5 15. Bc4 Ba6 16. Ng5 Nxe5 17. Nxe6+ Kf6 18. Rxd5 Nxc4 19. Nexc7 Bb7 20. Rd4
Rxc7 21. Nxc7 Rc8 22. Rxc4 Kg5 23. h4+ Kh5 24. g4+ Kh6 25. Re1 Bf3 26. Re8 Bxg4
27. Rxc8 Bxc8 28. Ne8 a6 29. Rxc8 1-0

[Event "Let's Play Chess!"]
[Site "http://www.queenalice.com/game.php?id=859779"]
[Date "2010.11.17"]
[Round "-"]
[White "colatina"]
[Black "Cronos"]
[Result "0-1"]
[WhiteElo "1916"]
[BlackElo "1939"]

1. Nc3 g6 2. Nf3 Bg7 3. d4 b6 4. Bf4 Bb7 5. e4 d6 6. Bc4 h6 7. b4 Nf6 8. Qe2 O-O
9. h4 Nbd7 10. e5 dxe5 11. dxe5 Nh5 12. g3 Nxf4 13. gxf4 e6 14. O-O-O Qe7 15.
Bb5 Rad8 16. Rd2 Qxb4 17. Qe3 Nc5 18. Rhd1 Bxf3 19. Rxd8 Bxd1 20. Rxf8+ Bxf8 21.
Kxd1 a6 22. Bc6 b5 23. Ke1 Na4 24. Kd2 Bc5 25. Qd3 Qxf4+ 26. Kd1 Nb2+ 0-1

[Event "Let's Play Chess!"]
[Site "http://www.queenalice.com/game.php?id=859780"]
[Date "2010.11.17"]
[Round "-"]
[White "colatina"]
[Black "Cronos"]
[Result "1-0"]
[WhiteElo "1900"]
[BlackElo "1957"]

1. e4 b6 2. Bc4 Bb7 3. Nc3 g6 4. Nf3 Bg7 5. d4 d6 6. Be3 e5 7. d5 c6 8. h4 Ne7
9. h5 cxd5 10. h6 Bf6 11. Nxd5 Nd7 12. Nxf6+ Nxf6 13. Ng5 O-O 14. Bxf7+ Rxf7 15.
Nxf7 Kxf7 16. Bg5 Bxe4 17. O-O Bf5 18. f4 a5 19. Bxf6 Kxf6 20. g4 Be6 21. fxe5+
Kg5 22. Qd2+ Kxg4 23. Rf4+ Kh5 24. Qh2+ Kg5 25. Qh4# 1-0

[Event "Let's Play Chess!"]
[Site "http://www.queenalice.com/game.php?id=859781"]
[Date "2010.11.17"]
[Round "-"]
[White "colatina"]
[Black "Cronos"]
[Result "1-0"]
[WhiteElo "1880"]
[BlackElo "1977"]

1. e4 e5 2. f4 d6 3. Nf3 exf4 4. d4 Nf6 5. e5 dxe5 6. Nxe5 Bd6 7. Bxf4 Nd5 8.
Qf3 Nxf4 9. Qxf4 f6 10. Bc4 Qe7 11. O-O Rf8 12. Qh4 fxe5 13. Rxf8+ Qxf8 14. Nc3
Be7 15. Qxh7 Nd7 16. Rf1 Nf6 17. Qg6+ Kd8 18. dxe5 Qe8 19. Bf7 Qc6 20. exf6 gxf6
21. Rd1+ Bd6 22. Qg8+ Kd7 23. Qe8# 1-0

[Event "Reto Amistoso"]
[Site "http://www.queenalice.com/game.php?id=859999"]
[Date "2010.11.17"]
[Round "-"]
[White "Cronos"]
[Black "technicaldraw"]
[Result "1-0"]
[WhiteElo "1957"]
[BlackElo "2062"]

1. e4 c5 2. c4 Nc6 3. d3 Nf6 4. g3 d6 5. Bg2 g6 6. Ne2 Bg7 7. Nbc3 a6 8. O-O O-O
9. a3 Rb8 10. Rb1 b5 11. cxb5 axb5 12. Nd5 Bd7 13. f4 e6 14. Nxf6+ Bxf6 15. Bd2
b4 16. a4 b3 17. Bc3 Nd4 18. Nxd4 cxd4 19. Bd2 Bxa4 20. Ra1 Bd7 21. Ra3 Qb6 22.
Ba5 Qb5 23. Qd2 Bd8 24. Bxd8 Rfxd8 25. h4 Rdc8 26. Rc1 Rxc1+ 27. Qxc1 Qxd3 28.
Qc7 Qb5 29. Qxd6 d3 30. Bf1 Qb6+ 31. Qxb6 Rxb6 32. Bxd3 Rb4 33. e5 h5 34. Kf2
Bc6 35. Ke3 Bd5 36. Kd2 Kg7 37. Kc3 Rb7 38. Ra4 f6 39. Rb4 Rxb4 40. Kxb4 1-0

[Event "Reto Amistoso 2"]
[Site "http://www.queenalice.com/game.php?id=860000"]
[Date "2010.11.17"]
[Round "-"]
[White "technicaldraw"]
[Black "Cronos"]
[Result "0-1"]
[WhiteElo "2063"]
[BlackElo "1936"]

1. e4 b6 2. d4 Bb7 3. Bd3 g6 4. Nf3 Bg7 5. O-O e6 6. c3 Ne7 7. Re1 O-O 8. Nbd2
d5 9. Nf1 dxe4 10. Bxe4 Bxe4 11. Rxe4 Nbc6 12. Re1 Qd7 13. Ng3 Nd5 14. Bf4 Nxf4
15. Qc2 Ne7 0-1

[Event "Let's Play Chess!"]
[Site "http://www.queenalice.com/game.php?id=883422"]
[Date "2011.1.10"]
[Round "-"]
[White "equus"]
[Black "Cronos"]
[Result "0-1"]
[WhiteElo "1810"]
[BlackElo "1956"]

1. d4 d5 2. c4 dxc4 3. Nf3 b5 4. a4 b4 5. e3 Ba6 6. Ne5 Qd5 7. Be2 Qe6 8. Qc2
Nd7 9. Bg4 b3 10. Qc3 f5 11. Bf3 Rb8 12. Bc6 Nf6 13. Bxd7+ Nxd7 14. Nxd7 Qxd7
15. Nd2 Qc6 16. O-O e6 17. Nf3 Bb4 18. Ne5 Qd5 19. Bd2 Bxc3 20. Bxc3 O-O 21.
Rae1 Bb7 22. f3 Ba6 23. Rf2 Rbd8 24. Ree2 c5 25. Rd2 cxd4 26. Bxd4 Qb7 27. Bc5
Rfe8 28. Bd4 Rd5 0-1

[Event "Let's Play Chess!"]
[Site "http://www.queenalice.com/game.php?id=883423"]
[Date "2011.1.10"]
[Round "-"]
[White "Cronos"]
[Black "equus"]
[Result "0-1"]
[WhiteElo "1966"]
[BlackElo "1819"]

1. e4 e5 2. Nf3 Nc6 3. c4 Bc5 4. d3 d6 5. g3 Bg4 6. Be2 Bxf3 7. Bxf3 Qf6 8. Nd2
Nd4 9. O-O h5 10. h4 g5 11. hxg5 Qxg5 12. Nb3 Qg6 13. Nxc5 dxc5 14. Kg2 Ne7 15.
Rh1 O-O-O 16. Be3 f5 17. Bxd4 cxd4 18. exf5 Nxf5 19. Bxh5 Qc6+ 20. Bf3 Qg6 21.
Bg4 Kb8 22. Qf3 Rdf8 23. Rxh8 Rxh8 24. Qxf5 Qh6 25. Qxe5 Qh2+ 26. Kf3 Rf8+ 27.
Bf5 Qh5+ 28. g4 Qh3+ 29. Ke4 Qg2+ 30. f3 Qe2+ 31. Kf4 Qh2+ 32. Ke4 Qe2+ 33. Kxd4
Qxb2+ 34. Ke4 Qe2+ 35. Kd5 Rd8+ 36. Bd7 Rxd7+ 37. Ke6 Re7+ 38. Kxe7 Qxe5+ 0-1

[Event "Capablanca"]
[Site "http://www.queenalice.com/game.php?id=948171"]
[Date "2011.6.10"]
[Round "-"]
[White "Cronos"]
[Black "adelio"]
[Result "0-1"]
[WhiteElo "1944"]
[BlackElo "1795"]

1. e4 a6 2. Nf3 h6 3. b3 b5 4. d3 c5 5. Bb2 Nc6 6. Nbd2 e5 7. Nxe5 Qe7 8. Nxc6
dxc6 9. c4 b4 10. a3 Nf6 11. axb4 cxb4 12. g3 c5 13. Bg2 Ra7 14. O-O Qe6 15. e5
Ng8 16. f4 f5 17. exf6 gxf6 18. Re1 Rhh7 19. Rxe6+ Bxe6 20. Qh5+ Rhf7 21. Re1
Re7 22. Qxc5 f5 23. Qc6+ Bd7 24. Qa8+ Bc8 0-1

[Event "AUTO-OPEN-2386"]
[Site "http://www.queenalice.com/game.php?id=948194"]
[Date "2011.6.10"]
[Round "1"]
[White "CavaloDoido"]
[Black "Cronos"]
[Result "1-0"]
[WhiteElo "1718"]
[BlackElo "1944"]

1. d4 d5 2. c4 dxc4 3. Nc3 e6 4. e4 Nc6 5. Nf3 Na5 6. Bxc4 Nxc4 7. Qa4+ Qd7 8.
Qxc4 b6 9. Ne5 Qe7 10. Qc6+ Bd7 11. Qxa8+ Qd8 12. Qxd8+ 1-0

[Event "AUTO-OPEN-2386"]
[Site "http://www.queenalice.com/game.php?id=948195"]
[Date "2011.6.10"]
[Round "1"]
[White "Cronos"]
[Black "CavaloDoido"]
[Result "0-1"]
[WhiteElo "1944"]
[BlackElo "1629"]

1. e4 e5 2. Nf3 Nf6 3. d3 Nc6 4. Nc3 d5 5. exd5 Nxd5 6. Nxd5 Qxd5 7. c4 Qd8 8.
g3 Bc5 9. Bg2 Bf5 10. O-O O-O 11. Re1 Re8 12. Be3 Be7 0-1